Katalog Plus
Bibliothek der Frankfurt UAS
Bald neuer Katalog: sichern Sie sich schon vorab Ihre persönlichen Merklisten im Nutzerkonto: Anleitung.

Mikroökonomik - Schnell erfasst

Titel: Mikroökonomik - Schnell erfasst / von Robert Richert
Verfasser:
Ausgabe: 2nd ed. 2021
Veröffentlicht: Berlin, Heidelberg : Springer Berlin Heidelberg, 2021
Umfang: 1 Online-Ressource (XI, 304 Seiten) : 130 Abb.
Format: E-Book
Sprache: Deutsch
Mehrbändiges Werk: Wirtschaft – Schnell erfasst
Schlagworte:
Andere Ausgaben: Erscheint auch als Druck-Ausgabe: Richert, Robert. Mikroökonomik - Schnell erfasst. - Berlin, Heidelberg : Springer Berlin Heidelberg, 2021
ISBN: 9783662631898 ; 366263189X ; 9783662631881
Buchumschlag
X
alg: 48863965
001A    $06055:08-12-21 
001B    $01999:15-11-24 $t18:22:34.000 
001D    $06055:08-12-21 
001U    $0utf8 
001X    $00 
002@    $0Oax 
002C    $aText $btxt $2rdacontent 
002D    $aComputermedien $bc $2rdamedia 
002E    $aOnline-Ressource $bcr $2rdacarrier 
003@    $0488639654 
004A    $A978-3-662-63189-8 
004A    $03-662-63189-X 
004E/04 $0SpringerNature-11775 $fSubject Collection Business and Economics (German Language) 
004O    $A978-3-662-63188-1 $Sp 
004P    $010.1007/978-3-662-63189-8 $SV60 
007A    $0488639654 $aHEB 
007I    $0Springer978-3-662-63189-8 
009P    $qtext/html $3Inhaltsverzeichnis $uhttp://scans.hebis.de/HEBCGI/show.pl?48863965_toc.html $mX:DE-He213 
009P    $qtext/html $3Ausführliche Beschreibung $uhttp://scans.hebis.de/HEBCGI/show.pl?48863965_aub.html $mX:DE-He213 
009Q    $SV60 $uhttps://doi.org/10.1007/978-3-662-63189-8 $xR 
010@    $ager 
010E    $erda 
011@    $a2021 
017B    $aZDB-2-SWI 
021A    $aMikroökonomik - Schnell erfasst $hvon Robert Richert 
028A    $BVerfasser $4aut $D20231015 $Ecgwrk $7171528352 $8Richert, Robert$Z1964- [Tp3] $9295648503 
032@    $a2nd ed. 2021 
033A    $pBerlin, Heidelberg $nSpringer Berlin Heidelberg 
033E    $pCham $nSpringer International Publishing AG 
034D    $a1 Online-Ressource (XI, 304 Seiten) 
034M    $a130 Abb. 
036G    $aWirtschaft – Schnell erfasst $x2363-9490 
039D    $aErscheint auch als $tMikroökonomik - Schnell erfasst $dBerlin, Heidelberg $eSpringer Berlin Heidelberg $f2021 $z978-3-662-63188-1 $lRichert, Robert $nDruck-Ausgabe 
044A    $aMicroeconomics $S#0 $N650 
044A    $aEconomics $S#0 $N650 
044A    $aMicroeconomics $S14 $N650 
044A    $aEconomics $S24 $N650 
044K    $RWirtschaftstheorie $RVolkswirtschaftslehre $#Microeconomics $#Microéconomie $#Microeconomía $#Mikroökonomik $#Mikroökonomie $#Mikroökonomik $74039225-9 $8Mikroökonomie [Ts1] $9085106909 
045B    $a338.5 $eDDC23eng 
045E    $c330 
047A    $aSacherschließung maschinell aus paralleler Ausg. übernommen 

lok: 48863965 3
101B    $010-12-21 $t08:42:15.000 
101C    $010-12-21 
101U    $0utf8 
145S/01 $a008 

exp: 48863965 3 1 #EPN
201B/01 $010-12-21 $t08:47:59.000 
201C/01 $008-12-21 
201U/01 $0utf8 
203@/01 $0117436744X 
204P/01 $010.1007/978-3-662-63189-8 $SV60 
208@/01 $a08-12-21 $bl 
209B/01 $a502 $x05 

lok: 48863965 5

exp: 48863965 5 1 #EPN
201B/01 $010-12-21 $t08:48:01.000 
201C/01 $008-12-21 
201U/01 $0utf8 
203@/01 $01174367458 
204P/01 $010.1007/978-3-662-63189-8 $SV60 
208@/01 $a08-12-21 $bl 

lok: 48863965 8

exp: 48863965 8 1 #EPN
201B/01 $008-12-21 $t23:00:04.045 
201C/01 $008-12-21 
201U/01 $0utf8 
203@/01 $01174367466 
204P/01 $010.1007/978-3-662-63189-8 $SV60 
208@/01 $a08-12-21 $bl 

lok: 48863965 10

exp: 48863965 10 1 #EPN
201B/01 $008-12-21 $t23:00:04.048 
201C/01 $008-12-21 
201U/01 $0utf8 
203@/01 $01174367474 
204P/01 $010.1007/978-3-662-63189-8 $SV60 
208@/01 $a08-12-21 $bl 

lok: 48863965 11

exp: 48863965 11 1 #EPN
201B/01 $008-12-21 $t23:00:04.050 
201C/01 $008-12-21 
201U/01 $0utf8 
203@/01 $01174367482 
204P/01 $010.1007/978-3-662-63189-8 $SV60 
208@/01 $a08-12-21 $bl 

lok: 48863965 20

exp: 48863965 20 1 #EPN
201B/01 $008-12-21 $t23:00:04.053 
201C/01 $008-12-21 
201U/01 $0utf8 
203@/01 $01174367490 
204P/01 $010.1007/978-3-662-63189-8 $SV60 
208@/01 $a08-12-21 $bl 

lok: 48863965 21

exp: 48863965 21 1 #EPN
201B/01 $008-12-21 $t23:00:04.057 
201C/01 $008-12-21 
201U/01 $0utf8 
203@/01 $01174367504 
204P/01 $010.1007/978-3-662-63189-8 $SV60 
208@/01 $a08-12-21 $bl 

lok: 48863965 23

exp: 48863965 23 1 #EPN
201B/01 $008-12-21 $t23:00:04.059 
201C/01 $008-12-21 
201U/01 $0utf8 
203@/01 $01174367512 
204P/01 $010.1007/978-3-662-63189-8 $SV60 
208@/01 $a08-12-21 $bl 

lok: 48863965 25

exp: 48863965 25 1 #EPN
201B/01 $008-12-21 $t23:00:04.062 
201C/01 $008-12-21 
201U/01 $0utf8 
203@/01 $01174367520 
204P/01 $010.1007/978-3-662-63189-8 $SV60 
208@/01 $a08-12-21 $bl 

lok: 48863965 49

exp: 48863965 49 1 #EPN
201B/01 $008-12-21 $t23:00:04.065 
201C/01 $008-12-21 
201U/01 $0utf8 
203@/01 $01174367539 
204P/01 $010.1007/978-3-662-63189-8 $SV60 
208@/01 $a08-12-21 $bl 

lok: 48863965 204

exp: 48863965 204 1 #EPN
201B/01 $008-12-21 $t23:00:04.067 
201C/01 $008-12-21 
201U/01 $0utf8 
203@/01 $01174367547 
204P/01 $010.1007/978-3-662-63189-8 $SV60 
208@/01 $a08-12-21 $bl 

lok: 48863965 205

exp: 48863965 205 1 #EPN
201B/01 $024-05-22 $t12:39:29.000 
201C/01 $008-12-21 
201U/01 $0utf8 
203@/01 $01174367555 
204P/01 $010.1007/978-3-662-63189-8 $SV60 
208@/01 $a24-05-22 $bla 
209B/01 $aebo $x05 
209B/01 $aspw $x06 
209C/01 $anel2205qa
LEADER 00000cam a22000002c 4500
001 488639654
003 DE-603
005 20241115182234.0
007 cr||||||||||||
008 211208s2021 xx |||| o| u00||u|ger c
020 |a 9783662631898 
020 |a 366263189X 
024 7 |a 10.1007/978-3-662-63189-8  |2 doi 
028 5 2 |a SpringerNature-11775 
035 |a (DE-599)HEB488639654 
040 |a DE-603  |b ger  |c DE-603  |d DE-603  |e rda 
041 |a ger 
082 7 |a 338.5  |2 23/eng 
084 |a 330  |q DE-101  |2 sdnb 
100 1 |a Richert, Robert  |d 1964-  |e Verfasser  |4 aut  |0 (DE-603)295648503  |0 (DE-588)171528352  |2 gnd 
245 0 0 |a Mikroökonomik - Schnell erfasst  |c von Robert Richert 
250 |a 2nd ed. 2021 
264 1 |a Berlin, Heidelberg  |b Springer Berlin Heidelberg  |c 2021 
264 2 |a Cham  |b Springer International Publishing AG 
300 |a 1 Online-Ressource (XI, 304 Seiten)  |b 130 Abb. 
336 |a Text  |b txt  |2 rdacontent 
337 |a Computermedien  |b c  |2 rdamedia 
338 |a Online-Ressource  |b cr  |2 rdacarrier 
490 0 |a Wirtschaft – Schnell erfasst  |x 2363-9490 
650 7 |a Mikroökonomie  |0 (DE-588)4039225-9  |0 (DE-603)085106909  |2 gnd 
776 0 8 |i Erscheint auch als  |n Druck-Ausgabe  |a Richert, Robert  |t Mikroökonomik - Schnell erfasst  |d Berlin, Heidelberg : Springer Berlin Heidelberg, 2021  |z 9783662631881 
776 1 |z 9783662631881 
856 |u https://doi.org/10.1007/978-3-662-63189-8  |x Resolving-System 
856 4 2 |m X:DE-He213  |q text/html  |u http://scans.hebis.de/HEBCGI/show.pl?48863965_toc.html  |3 Inhaltsverzeichnis 
856 4 2 |m X:DE-He213  |q text/html  |u http://scans.hebis.de/HEBCGI/show.pl?48863965_aub.html  |3 Ausführliche Beschreibung 
912 |a ZDB-2-SWI 
924 1 |9 603  |a (DE-603)117436744X  |b DE-603  |c HES  |d d 
924 1 |9 603  |a (DE-603)1174367458  |b DE-603  |c HES  |d d 
924 1 |9 603  |a (DE-603)1174367466  |b DE-603  |c HES  |d d 
924 1 |9 603  |a (DE-603)1174367474  |b DE-603  |c HES  |d d 
924 1 |9 603  |a (DE-603)1174367482  |b DE-603  |c HES  |d d 
924 1 |9 603  |a (DE-603)1174367490  |b DE-603  |c HES  |d d 
924 1 |9 603  |a (DE-603)1174367504  |b DE-603  |c HES  |d d 
924 1 |9 603  |a (DE-603)1174367512  |b DE-603  |c HES  |d d 
924 1 |9 603  |a (DE-603)1174367520  |b DE-603  |c HES  |d d 
924 1 |9 603  |a (DE-603)1174367539  |b DE-603  |c HES  |d d 
924 1 |9 603  |a (DE-603)1174367547  |b DE-603  |c HES  |d d 
924 1 |9 603  |a (DE-603)1174367555  |b DE-603  |c HES  |d d